01115nabaa22001937a 4500999001500000003000400015005001700019008004100036040000700077100003100084245015600115300001300271505034400284505009000628650003200718650003700750773012100787942001300908 c6103d6103OSt20260122083623.0190701b xxu||||| |||| 00| 0 spa d cPJ 96871aMeneses, Erick Cuba 10aNotas sobre la responsabilidad patrimonial de la administración : bla falta de servicio como factor de atribución objetivo /cErick Cuba Meneses.  ap. 28-41 aSumario: I. Introducción.— II. Los primeros caminos de la responsabilidad de la Administración: la derrota del Estado irresponsable.—III. La falta de servicio es un factor de atribución objetivo.— IV. La responsabilidad patrimonial de la Administración y la responsabilidad civil.— V. Conclusiones.— VI. Bibliografía.  t¿Te interesa el texto completo? Comunicate al correo: koha@justierradelfuego.gov.ar  09211aDERECHO ADMINISTRATIVO 091215aRESPONSABILIDAD DEL ESTADO0 0284293251dBuenos Aires : AbeledoPerrot, 2012-oDA121tDerecho administrativo. Nº 145 enero/febrero 2023z18510590 2udccANA